study about the management plan of sre ombel forestry administration divison, kohkong forestry cantonment (ការសិក្សាពីផែនការគ្រប់គ្រងព្រៃឈើរបស់ផ្នែករដ្ឋបាលព្រៃឈើស្រែអំបិល ខណ្ឌរដ្ឋបាលព្រៃឈើកោះកុង) (Record no. 3442)

000 -LEADER
fixed length control field 00729nam a22001577a 4500
003 - CONTROL NUMBER IDENTIFIER
control field OSt
005 - DATE AND TIME OF LATEST TRANSACTION
control field 20151116090529.0
008 - FIXED-LENGTH DATA ELEMENTS--GENERAL INFORMATION
fixed length control field 151116b xxu||||| |||| 00| 0 eng d
040 ## - CATALOGING SOURCE
Transcribing agency RUA
082 ## - DEWEY DECIMAL CLASSIFICATION NUMBER
Classification number FOR BY 2008 B136 Or.1
100 ## - MAIN ENTRY--PERSONAL NAME
9 (RLIN) 3694
Personal name BY, VEASNA.
245 ## - TITLE STATEMENT
Title study about the management plan of sre ombel forestry administration divison, kohkong forestry cantonment (ការសិក្សាពីផែនការគ្រប់គ្រងព្រៃឈើរបស់ផ្នែករដ្ឋបាលព្រៃឈើស្រែអំបិល ខណ្ឌរដ្ឋបាលព្រៃឈើកោះកុង)
260 ## - PUBLICATION, DISTRIBUTION, ETC. (IMPRINT)
Place of publication, distribution, etc. Phnom Penh
Name of publisher, distributor, etc. RUA
Date of publication, distribution, etc. 2008
300 ## - PHYSICAL DESCRIPTION
Extent xii, 61p.
Other physical details ill.
Dimensions 29cm.
942 ## - ADDED ENTRY ELEMENTS (KOHA)
Source of classification or shelving scheme
Koha item type FOR
Holdings
Price effective from Date last seen Permanent Location Not for loan Date acquired Source of classification or shelving scheme Koha item type Barcode Lost status Damaged status Shelving location Withdrawn status Current Location Full call number
2015-11-162015-11-16Library Block B 2015-11-16 FORRUA028494  B136 Library Block BFOR BY 2008 B136 Or.1
2015-11-162015-11-16Library Block B 2015-11-16 FORRUA028422  B136 Library Block BFOR BY 2008 B136 Or.2
2015-11-162015-11-16Library Block B 2015-11-16 FORRUA028065  B136 Library Block BFOR BY 2008 B136 Or.3
2015-11-162015-11-16Library Block B 2015-11-16 FORRUA002879  B136 Library Block BFOR BY 2008 B136 Or.4
2015-11-162015-11-16Library Block B 2015-11-16 FORRUA027189  B136 Library Block BFOR BY 2008 B136 Or.5
2015-11-162015-11-16Library Block B 2015-11-16 FORRUA027170  B136 Library Block BFOR BY 2008 B136 Or.6
2015-11-162015-11-16Library Block B 2015-11-16 FORRUA027313  B136 Library Block BFOR BY 2008 B136 Or.7
មជ្ឈមណ្ឌលឯការនៃសាកលវិទ្យាល័យភូមិន្ទកសិកម្មចំការដូង

Powered by Koha